Welcome to CU Library Online Public Access Catalogue (OPAC)

Principles of microeconomics/ (Record no. 62)

MARC details
000 -LEADER
fixed length control field 00517nam a22001817a 4500
005 - DATE AND TIME OF LATEST TRANSACTION
control field 20241018143453.0
008 - FIXED-LENGTH DATA ELEMENTS--GENERAL INFORMATION
fixed length control field 241018b |||||||| |||| 00| 0 eng d
020 ## - INTERNATIONAL STANDARD BOOK NUMBER
International Standard Book Number 9780131442900
050 ## - LIBRARY OF CONGRESS CALL NUMBER
Classification number HB171.5
Item number .C3123 CAS
100 ## - MAIN ENTRY--PERSONAL NAME
Personal name Knight Tori
245 ## - TITLE STATEMENT
Title Principles of microeconomics/
Statement of responsibility, etc. Karl E. Case & Ray C. Fair
250 ## - EDITION STATEMENT
Edition statement 7th Ed.
260 ## - PUBLICATION, DISTRIBUTION, ETC.
Place of publication, distribution, etc. New Jersey
Name of publisher, distributor, etc. Pearson Prentice Hall
Date of publication, distribution, etc. c2004
300 ## - PHYSICAL DESCRIPTION
Extent 645p.
Other physical details ill.
Dimensions 28cmx21.5cm
650 ## - SUBJECT ADDED ENTRY--TOPICAL TERM
Source of heading or term Microeconomics
700 ## - ADDED ENTRY--PERSONAL NAME
Personal name Fair Ray C.
942 ## - ADDED ENTRY ELEMENTS (KOHA)
Source of classification or shelving scheme Library of Congress Classification
Koha item type Books
Edition 7th Ed.
Suppress in OPAC No
999 ## -
-- 62
-- 62
Holdings
Withdrawn status Lost status Source of classification or shelving scheme Damaged status Not for loan Collection Home library Current library Shelving location Date acquired Total checkouts Full call number Barcode Date last seen Copy number Price effective from Koha item type
    Library of Congress Classification     Non-fiction Business Library (Miotso) Business Library (Miotso) General stacks 10/18/2024   HB171.5 .C3123 CAS bssm00000044 10/18/2024 1 10/18/2024 Books
© 2023-2024 Copyright: Central University Libraries. All Rights Reserved | Created by: Mahone Tech Office